00415 2200157 4500001002100000005001500021035002000036245006900056100002200125300002600147260002800173082000800201084001400209020002200223990001200245INLIS00000000000301220250918091957 a0010-09250003591 aHatsukoi No Jirenma :bDilema Cinta Pertama /cMikadzukikei Hill0 aMikadzukikei Hill a156 hlm ;c13 x 19 cm aJakarta :bZettu,c2012 a813 a813 MIK h a978-602-1999-09-7 a0755621